Countries with Embassies and Consulates in Casablanca - Statistics

General Stats
  • This quiz has been taken 35 times
  • The average score is 7 of 9
Answer Stats
Continent Country % Correct
Europe France
97%
North America United States of America
93%
Europe Italy
90%
Europe Spain
90%
Asia/ Europe Russia
87%
Europe United Kingdom
83%
Africa Senegal
60%
Africa Libya
43%
Europe Malta
27%
No matching quizzes found
Score Distribution
Percent of People with Each Score
Percentile by Number Answered
Your Score History
You have not taken this quiz